00354pab a2200121 454500008004000000100001700040245007100057260000900128300001300137362001100150650005600161773001500217180718b1987 xxu||||| |||| 00| 0 eng d aIqbal Narain aBlending of tradition and modernitybLegacy of Madan Mohan Malviya c1987 a13-14,21 a7 Feb. aMalavia, Madan Mohan - Criticism and Interpretation aMainstream